00930nam a2200253 a 450000100100000000500170001000800410002702000150006804000250008308200160010810000400012424501110016426000550027530000110033049000430034156300520038474000110043674000180044774000210046583000500048604900090053695201140054599900170065900002267620200930021731.0101014s1997 es 001 0 spa d a8423988171 aDO-SdBNPbspacBNPHU axxxxbU543a1 aUnamuno, Miguel ded1864-19369625410aAbel Sánchez una historia de pasión ;bNiebla ; La tía Tula ; Paz en la Guerra /cMiguel de Unamuno. aMadrid, :bEditorial Espasa Calpe,c1997.fHuertas a687 p.1 aAntología de la literatura universal aVarias obras empaginadas en páginas continuas2 aNiebla2 aLa tía Tula2 aPaz en la Guerra 0aAntología de la literatura universal946613 aBNPD 001050718MOaGRbGRcHDd2010-10-14iLF1l0oxxxx U543ap22676-10r2020-06-25w2020-06-25y1ZNo se presta c22173d22173